| 000 | 00426nam a2200157Ia 4500 | ||
|---|---|---|---|
| 003 | GCL | ||
| 008 | 140319s9999 xx 000 0 eng d | ||
| 040 |
_aGCL / _cGCL |
||
| 082 | 0 | 4 |
_a697.93 _bC A |
| 100 | 1 | _aCHADDERTON, DAVID V. | |
| 245 | 1 | 0 |
_aAIR CONDITING: A PRACTICALL INTRODUCTION / _cCHADDERTON, DAVID V. |
| 260 |
_a[S.N] : _bE & FN SPON ، _c1993 |
||
| 300 | _a262 P | ||
| 650 | 0 | 4 | _aAIR CONDITIONING |
| 942 |
_2ddc _cBK |
||
| 999 |
_c18120 _d18120 |
||